Normal view
MARC view
- Dr. H. J. Shah And S. B. Junnarkar
Entry Personal Name
001 - CONTROL NUMBER
- control field: 4665
003 - CONTROL NUMBER IDENTIFIER
- control field: OSt
005 - DATE AND TIME OF LATEST TRANSACTION
- control field: 20200629160107.0
008 - FIXED-LENGTH DATA ELEMENTS
- fixed length control field: 200629|| aca||aabn | a|a d
040 ## - CATALOGING SOURCE
- Original cataloging agency: OSt
- Transcribing agency: OSt
100 ## - HEADING--PERSONAL NAME
- Personal name: Dr. H. J. Shah And S. B. Junnarkar
670 ## - SOURCE DATA FOUND
- Source citation: Work cat.: (OSt): Dr. H. J. Shah And S. B. Junnarkar, Mechanics of Structures Vol. I
